000 00644na a2200217 4500
001 19457
003 MIRAKIL
005 20181213155103.0
008 161214b tu 000 0
035 _a19457
040 _aMilas
_btur
_cTR-AnCHP
041 _atur
082 _a306.38
_bS66 1992
090 _a306.38 S66 1992
245 _aSosyal güvenlik kurultayı
_bTebliğler-yorumlar
_cTürkiye İşçi Emeklileri Cemiyeti
260 _aAnkara
_bTürkiye İşçi Emeklileri Cemiyeti
_c1992
300 _a215 s.
_c24 sm.
650 _aSosyal güvenlik
_xTebliğler
_zTürkiye
650 _aSosyal güvenlik
_zTürkiye
942 _2ddc
_cBKS
999 _c6321
_d6321